Vắn tắt thần kinh học trẻ em

Uloženo v:
Podrobná bibliografie
Hlavní autor: Pierre Landrieu
Médium: Kniha
Jazyk:Undetermined
Vydáno: Hà Nội Y học 2000
Témata:
Tagy: Přidat tag
Žádné tagy, Buďte první, kdo otaguje tento záznam!
Thư viện lưu trữ: Trung tâm Học liệu Trường Đại học Cần Thơ
LEADER 00517nam a2200169Ia 4500
001 CTU_39606
008 210402s9999 xx 000 0 und d
082 |a 618.9208 
082 |b L262 
100 |a Pierre Landrieu 
245 0 |a Vắn tắt thần kinh học trẻ em 
245 0 |c Pierre Landrieu, Marc Tardieu; Dịch giả: Phạm Thị Vân Anh 
260 |a Hà Nội 
260 |b Y học 
260 |c 2000 
650 |a pediatric neurology 
980 |a Trung tâm Học liệu Trường Đại học Cần Thơ